000 00389nam a22001697a 4500
003 SGT
020 _a9789394792043
082 _a612
_bH22J
100 _aJAIN, AK.
245 _aHUMAN PHYSIOLOGY IN NUTSHELL
250 _a6TH
260 _aINDIA
_bARYA PUB
_c2022
300 _a219
650 _aHUMAN PHYSIOLOGY
653 _aHUMAN PHYSIOLOGY IN NUTSHELL
942 _2ddc
_cBK
_020
999 _c25268
_d25268